000 00908nam a2200253 i 4500
001 C2-0344831
003 PPAK
005 20180728145542.0
008 180114s2017 my a|||| ||||| | may d
020 _a9789674403669
040 _aPPAK
_beng
_cPPAK
_erda
082 0 4 _a297.122861
_223
090 0 0 _a297.122861
_bPEN
_dG
245 0 0 _aPenyakit berjangkit daripada perspektif Islam & koleksi cerpen
264 1 _aBandar Baru Nilai, Negeri Sembilan :
_bPenerbit Universiti Sains Islam Malaysia ,
_c2017
300 _axiii, 208 pages :
_bcolour illustrations ;
_c23 cm
336 _2rdacontent
_atext
337 _2rdamedia
_aunmediated
338 _2rdacarrier
_avolume
500 _aIncludes bibliographical references and index.
650 1 0 _aMedicine - Religious aspects - Islam. ; Medicine in the Qur'an.
700 0 _aHana Maizuliana Solehan ; Nurul Azmawati Mohamed,
_eeditor
942 _ddc
_cB
999 _c141396
_d141396